000
00243nam a22001217a 4500
008
170814b xxu||||| |||| 00| 0 eng d
041
_a
eng
080
_a
004
100
_a
35
101
_a
SHK
245
_a
OS JCL
_c
CLARY,W
942
_2
udc
_c
BK
999
_c
23426
_d
23426